El proceso de politización de la sexualidad: identificaciones y marcos de sentido de la acción colectiva /

En este texto se presenta un estudio de la manera en que se politizan las identificaciones sexuales, con miras a bosquejar un modelo analítico-sociológico de la acción colectiva en torno a la sexualidad. Se busca presentar un diálogo entre dos campos de debate. Por un lado, las reflexiones en torno...

সম্পূর্ণ বিবরণ

সংরক্ষণ করুন:
গ্রন্থ-পঞ্জীর বিবরন
প্রধান লেখক: Argüello Pazmiño, Sofía
বিন্যাস: পাঠ‍্য
বিষয়গুলি:
ট্যাগগুলো: ট্যাগ যুক্ত করুন
কোনো ট্যাগ নেই, প্রথমজন হিসাবে ট্যাগ করুন!

MARC

LEADER 00000 a a2200000 04500
001 46656
003
040
100 |a Argüello Pazmiño, Sofía  
245 |a El proceso de politización de la sexualidad:   |b identificaciones y marcos de sentido de la acción colectiva /  |c Sofía Argüello Pazmiño  
520 |a En este texto se presenta un estudio de la manera en que se politizan las identificaciones sexuales, con miras a bosquejar un modelo analítico-sociológico de la acción colectiva en torno a la sexualidad. Se busca presentar un diálogo entre dos campos de debate. Por un lado, las reflexiones en torno a los procesos de configuración de identidades (procesos de identificación) y formación de grupos. Por otro, los aportes que la sociología de la sexualidad, el feminismo y los estudios de género han desarrollado en estos temas.  
590 |a RRH/NOVIEMBRE2014  
650 |a IDENTIDAD  
650 |a GRUPOS SOCIALES  
650 |a SEXUALIDAD  
650 |a POLITICA  
650 |a GENERO  
650 |a FEMINISMO  
773 |g volumen75, número2 (2013), páginas 173-200  
999 |c 39786  |d 39786